000 01282nam a2200241Ia 4500
999 _c56161
_d56161
001 23262
003 GE_BSU
005 20251203210522.0
008 181216s1965||||ge |||||||||||||| ||geo||
040 _cGE_BSU
080 _a94(479.22)"14/16 გ-46
100 _aგვრიტიშვილი, დავით
_916228
245 _aნარკვევები საქართველოს ისტორიიდან ტ. 2, XV-XVII სს. /
_cდავით გვრიტიშვილი ; რედ. ნ. ფავლენიშვილი ; მხატვ. რ. ზედელაშვილი.
264 _aთბილისი :
_bსაბჭ. საქართველო,
_c1965,
300 _a512 გვ. ;
_c22 სმ.
504 _aბიბლიოგრფია შენიშვნებში
541 _h2ლ.06თ.
653 _aნარკვევები საქართველოს ისტორიიდან. ტ. 2, XV-XVII სს.
653 _aსაქართველოს ისტორია
700 _aფავლენიშვილი, ნ.
_eრედაქტორი
_93115
700 _aზედელაშვილი, რ.
_eმხატვარი
_926261
942 _cBK
_2udc